Top 7 Cities & Towns in Each US State by Population (2014 estimates) - Statistics

General Stats
  • This quiz has been taken 1,576 times
  • The average score is 175 of 343
Answer Stats
State Answer % Correct
CA LOS ANGELES
92%
FL MIAMI
91%
NY NEW YORK
91%
CA SAN FRANCISCO
91%
IL CHICAGO
90%
AZ PHOENIX
90%
CA SAN DIEGO
90%
GA ATLANTA
89%
CO DENVER
89%
MS JACKSON
89%
TX DALLAS
88%
TX HOUSTON
88%
PA PHILADELPHIA
88%
ME | OR PORTLAND
88%
IN INDIANAPOLIS
87%
FL JACKSONVILLE
87%
FL ORLANDO
87%
AL BIRMINGHAM
86%
KS | MO KANSAS CITY
86%
NV LAS VEGAS
86%
MN MINNEAPOLIS
86%
LA NEW ORLEANS
86%
AK ANCHORAGE
85%
TX AUSTIN
85%
ID BOISE
85%
MA BOSTON
85%
NY BUFFALO
85%
OH CLEVELAND
85%
GA | OH COLUMBUS
85%
MI DETROIT
85%
AR LITTLE ROCK
85%
OK OKLAHOMA CITY
85%
PA PITTSBURGH
85%
CA SACRAMENTO
85%
TX SAN ANTONIO
85%
CA SAN JOSE
85%
WA SEATTLE
85%
FL TAMPA
85%
TN NASHVILLE
84%
UT SALT LAKE CITY
84%
IL | MA | MO SPRINGFIELD
83%
NC CHARLOTTE
82%
OH CINCINNATI
82%
AK JUNEAU
82%
TN MEMPHIS
82%
AZ TUCSON
82%
NM ALBUQUERQUE
81%
MD BALTIMORE
81%
LA BATON ROUGE
81%
IA DES MOINES
81%
NY ALBANY
80%
SC | WV CHARLESTON
80%
CO COLORADO SPRINGS
80%
TX EL PASO
80%
KY LOUISVILLE
80%
AL MONTGOMERY
80%
NC RALEIGH
80%
MO ST LOUIS
80%
MN ST PAUL
80%
CT HARTFORD
79%
RI PROVIDENCE
79%
TX FORT WORTH
78%
WI MILWAUKEE
78%
AL MOBILE
78%
NV RENO
78%
NE LINCOLN
77%
DE | NJ NEWARK
77%
NE OMAHA
77%
KY | VA RICHMOND
76%
MN | NH | NY ROCHESTER
76%
OK TULSA
76%
KS WICHITA
76%
GA AUGUSTA
75%
MO | SC COLUMBIA
75%
OR SALEM
74%
NM SANTA FE
74%
VA VIRGINIA BEACH
74%
CA FRESNO
73%
WI MADISON
73%
GA SAVANNAH
73%
FL TALLAHASSEE
73%
DE | NH DOVER
72%
WY CHEYENNE
71%
NJ JERSEY CITY
71%
KY LEXINGTON
71%
OH TOLEDO
71%
ND FARGO
70%
NY SYRACUSE
70%
NC WINSTON-SALEM
70%
ND BISMARCK
69%
MT HELENA
69%
AZ MESA
69%
CT NEW HAVEN
69%
KS TOPEKA
69%
AK FAIRBANKS
68%
SD SIOUX FALLS
68%
CO | IL AURORA
67%
MT BILLINGS
67%
NJ TRENTON
67%
TX ARLINGTON
66%
OH DAYTON
66%
MI GRAND RAPIDS
66%
TN KNOXVILLE
66%
NC DURHAM
65%
IN FORT WAYNE
65%
WA SPOKANE
65%
FL ST PETERSBURG
65%
OH AKRON
64%
MD ANNAPOLIS
64%
NC GREENSBORO
64%
NH MANCHESTER
64%
DE WILMINGTON
64%
NV CARSON CITY
63%
TN CHATTANOOGA
63%
OR EUGENE
63%
CA LONG BEACH
63%
NH CONCORD
62%
MI LANSING
62%
WI GREEN BAY
61%
UT PROVO
61%
NY YONKERS
61%
VA NORFOLK
60%
WA TACOMA
60%
VT BURLINGTON
59%
NV HENDERSON
59%
AZ SCOTTSDALE
59%
MI ANN ARBOR
58%
AR | NC FAYETTEVILLE
58%
AL HUNTSVILLE
58%
RI NEWPORT
58%
NV NORTH LAS VEGAS
58%
MA WORCESTER
58%
GA ATHENS
56%
CT BRIDGEPORT
56%
PA ERIE
56%
VT MONTPELIER
56%
AL TUSCALOOSA
56%
MN DULUTH
55%
LA SHREVEPORT
55%
PA ALLENTOWN
54%
ME BANGOR
54%
IA CEDAR RAPIDS
54%
MI FLINT
54%
PA SCRANTON
54%
CO FORT COLLINS
53%
AZ GLENDALE
52%
LA LAFAYETTE
52%
GA MACON
52%
IA SIOUX CITY
52%
VA ALEXANDRIA
51%
MA CAMBRIDGE
51%
ID IDAHO FALLS
51%
NM LAS CRUCES
50%
WA VANCOUVER
50%
WY CASPER
49%
SC GREENVILLE
49%
AZ CHANDLER
48%
VA CHESAPEAKE
48%
FL HIALEAH
48%
IA IOWA CITY
48%
IL PEORIA
48%
IN SOUTH BEND
48%
CT STAMFORD
48%
MS BILOXI
47%
IA DAVENPORT
47%
MT MISSOULA
47%
UT OGDEN
47%
KS OVERLAND PARK
47%
IL ROCKFORD
47%
IL JOLIET
46%
VA NEWPORT NEWS
46%
IN EVANSVILLE
45%
OK NORMAN
45%
SD RAPID CITY
45%
NJ ELIZABETH
44%
AR FORT SMITH
44%
KS LAWRENCE
42%
ID NAMPA
42%
IL NAPERVILLE
42%
NM ROSWELL
42%
NE | WA BELLEVUE
41%
IN | MN BLOOMINGTON
41%
AZ GILBERT
41%
OR BEND
40%
KY BOWLING GREEN
40%
WV HUNTINGTON
40%
NH NASHUA
40%
NJ PATERSON
40%
MT BOZEMAN
39%
NJ CAMDEN
39%
TN CLARKSVILLE
39%
ND GRAND FORKS
39%
MT GREAT FALLS
39%
PA READING
39%
RI WARWICK
39%
OK BROKEN ARROW
38%
NC CARY
38%
TN MURFREESBORO
38%
SC NORTH CHARLESTON
38%
MT BUTTE
37%
MO INDEPENDENCE
37%
WV MORGANTOWN
37%
NH PORTSMOUTH
37%
ME AUBURN
36%
MS GULFPORT
36%
WY LARAMIE
36%
MA LOWELL
36%
ID | MS MERIDIAN
36%
MI WARREN
36%
UT WEST VALLEY CITY
36%
VA HAMPTON
35%
KS OLATHE
35%
ID POCATELLO
35%
AK SITKA
35%
MS HATTIESBURG
33%
WA KENT
33%
LA LAKE CHARLES
33%
CT WATERBURY
33%
MD FREDERICK
32%
WI KENOSHA
32%
ME LEWISTON
32%
AK WASILLA
32%
SD ABERDEEN
31%
AR JONESBORO
31%
AK KETCHIKAN
31%
CO LAKEWOOD
31%
UT OREM
31%
UT SANDY
31%
MI STERLING HEIGHTS
31%
UT WEST JORDAN
31%
WV WHEELING
31%
CO ARVADA
30%
CT DANBURY
30%
RI EAST PROVIDENCE
30%
NY NEW ROCHELLE
30%
AR NORTH LITTLE ROCK
30%
VT SOUTH BURLINGTON
30%
AL HOOVER
29%
ND MINOT
29%
WI RACINE
29%
NM RIO RANCHO
29%
NV SPARKS
29%
CO THORNTON
29%
MS TUPELO
29%
WI APPLETON
28%
PA BETHLEHEM
28%
TN FRANKLIN
28%
CT NORWALK
28%
RI PAWTUCKET
28%
IA WATERLOO
28%
OR BEAVERTON
27%
IN CARMEL
27%
WA EVERETT
27%
NM FARMINGTON
27%
WY GILLETTE
27%
NE GRAND ISLAND
27%
MA NEW BEDFORD
27%
MN PLYMOUTH
27%
AR SPRINGDALE
27%
ND WEST FARGO
27%
RI CRANSTON
26%
AL DOTHAN
26%
OR HILLSBORO
26%
NE KEARNEY
26%
KY OWENSBORO
26%
MD ROCKVILLE
26%
GA SANDY SPRINGS
26%
NV ELKO
25%
OK LAWTON
25%
MO LEE'S SUMMIT
25%
ME SOUTH PORTLAND
25%
IA WEST DES MOINES
25%
ID COEUR D'ALENE
24%
OR GRESHAM
24%
MD HAGERSTOWN
24%
MO O'FALLON
24%
WY ROCK SPRINGS
24%
MA BROCKTON
23%
SC MOUNT PLEASANT
23%
SD WATERTOWN
23%
RI WOONSOCKET
23%
KY COVINGTON
22%
OK EDMOND
22%
NE FREMONT
22%
DE MIDDLETOWN
22%
OH PARMA
22%
VT RUTLAND
22%
WY SHERIDAN
22%
DE SMYRNA
22%
MS SOUTHAVEN
22%
MD BOWIE
21%
AR CONWAY
21%
IN FISHERS
21%
MD GAITHERSBURG
21%
WV PARKERSBURG
21%
SC ROCK HILL
21%
KS SHAWNEE
21%
SD BROOKINGS
20%
NM CLOVIS
20%
AK KENAI
20%
DE MILFORD
20%
ID CALDWELL
19%
NJ CLIFTON
19%
VT ESSEX JUNCTION
19%
NE HASTINGS
19%
NH KEENE
19%
SD MITCHELL
19%
OK MOORE
19%
LA BOSSIER CITY
18%
MT KALISPELL
18%
LA KENNER
18%
WI WAUKESHA
18%
SD YANKTON
18%
KY HOPKINSVILLE
17%
DE SEAFORD
17%
VT BARRE
16%
MN BROOKLYN PARK
16%
WY GREEN RIVER
16%
ND WILLISTON
16%
ND DICKINSON
15%
ME SANFORD
15%
SC SUMMERVILLE
15%
WV WEIRTON
14%
ME BIDDEFORD
13%
WV FAIRMONT
13%
VT WINOOSKI
11%
No matching quizzes found
Score Distribution
Percent of People with Each Score
Percentile by Number Answered
Your Score History
You have not taken this quiz